书目信息 |
| 题名: |
一指通。体育英语
|
|
| 作者: | 袁浩 主编 | |
| 分册: | ||
| 出版信息: | 广东 广东省语言音像出版社 2002.04 |
|
| 页数: | 185页 | |
| 开本: | 20cm | |
| 丛书名: | ||
| 单 册: | ||
| 中图分类: | H31:G8 | |
| 科图分类: | ||
| 主题词: | 英语 | |
| 电子资源: | ||
| ISBN: | 7-88497-199-2 | |
| 000 | 00542nam0 2200181 450 | |
| 001 | 0857790971 | |
| 005 | 20080623160806.98 | |
| 010 | @a7-88497-199-2@dCNY22.00 | |
| 100 | @a20080623d2002 km y0chiy0120 ea | |
| 101 | 0 | @achi |
| 200 | 1 | @a一指通。体育英语@Ayi zhi tong。ti yu ying yu@f袁浩主编@Fyuan hao zhu bian |
| 210 | @a广东@c广东省语言音像出版社@d2002.04 | |
| 215 | @a185页@d20cm | |
| 606 | 0 | @a英语 |
| 690 | @aH31:G8@v4 | |
| 701 | 0 | @a袁浩@Ayuan hao@4主编 |
| 801 | 0 | @aCN@b大连网信软件有限公司图书馆·11@c20080623 |
| 905 | @aZUCC@dH31:G8@eY896 | |
| 一指通。体育英语/袁浩主编.-广东:广东省语言音像出版社,2002.04 |
| 185页;20cm |
| ISBN 7-88497-199-2:CNY22.00 |
| ● |
| 相关链接 |
|
|
|
正题名:一指通。体育英语
索取号:H31:G8/Y896
 
预约/预借
| 序号 | 登录号 | 条形码 | 馆藏地/架位号 | 状态 | 备注 |
| 1 | 453189 | 204531890 | 语言库209/209语言库 92排2列4层/ [索取号:H31:G8/Y896] | 在馆 |